[Event "EU-ch Online U14"]
[Site "Tornelo INT"]
[Date "2020.09.19"]
[Round "6"]
[White "Jarlskov, Daniel Tuk Hartso"]
[Black "Lazojev, Mark"]
[Result "1-0"]
[WhiteElo "1349"]
[BlackElo "1210"]
[PlyCount "49"]
[EventDate "2020.09.18"]
[EventType "swiss (rapid)"]
[EventRounds "9"]
[EventCountry "NET"]
[SourceTitle "EXT 2023"]
[Source "ChessBase"]
[SourceDate "2022.10.05"]
[SourceVersion "1"]
[SourceVersionDate "2022.10.05"]
[SourceQuality "1"]
[WhiteTeam "Denmark"]
[BlackTeam "Estonia"]
[WhiteTeamCountry "DEN"]
[BlackTeamCountry "EST"]

1. c4 e5 2. Nc3 Nf6 3. g3 d5 4. cxd5 Nxd5 5. Bg2 Nxc3 6. bxc3 Nc6 7. Bb2 Bc5 8. e3 0-0 9. Ne2 Re8 10. 0-0 Bf5 11. d4 exd4 12. cxd4 Bb6 13. Nc3 Qd7 14. a4 a6 15. Nd5 Ba7 16. Nf4 h6 17. Kh1 Rab8 18. Re1 Rbd8 19. Qb3 Rb8 20. Nd3 Bh7 21. Qc3 f6 22. Qc4+ Kh8 23. Rad1 Re7 24. Ba3 Ree8 25. Nc5 1-0